Central Library and Information Centre
Sibsagar Girls' College, Sivasagar : Assam

GENERAL& INORGANIC CHEMISTRY (Record no. 6558)

MARC details
000 -LEADER
fixed length control field 00510cam a2200205ua 4500
008 - FIXED-LENGTH DATA ELEMENTS--GENERAL INFORMATION
fixed length control field 151222n II |||gr||||Z||||||eng
040 ## - CATALOGING SOURCE
Original cataloging agency MAIN
041 ## - LANGUAGE CODE
-- English
082 ## - DEWEY DECIMAL CLASSIFICATION NUMBER
Classification number 546 SAR
100 ## - MAIN ENTRY--PERSONAL NAME
Personal name SARKAR, R.
100 ## - MAIN ENTRY--PERSONAL NAME
Personal name SARKAR, R.
245 ## - TITLE STATEMENT
Title GENERAL& INORGANIC CHEMISTRY
260 ## - PUBLICATION, DISTRIBUTION, ETC.
Place of publication, distribution, etc. CALCUTTA:
Name of publisher, distributor, etc. NEW CENTRAL BOOK AGENCY (P) LTD.,
Date of publication, distribution, etc. 1995.
300 ## - PHYSICAL DESCRIPTION
Extent 497:
Dimensions 25CM.
700 ## - ADDED ENTRY--PERSONAL NAME
Personal name SARKAR, RAMAPRASAD.
700 ## - ADDED ENTRY--PERSONAL NAME
Personal name SAHA, NITYANANDA.
942 ## - ADDED ENTRY ELEMENTS (KOHA)
Koha item type Books
653 ## - INDEX TERM--UNCONTROLLED
Uncontrolled term Inorganic chemistry
Holdings
Withdrawn status Lost status Damaged status Not for loan Collection code Home library Current library Shelving location Date acquired Full call number Barcode Date last seen Copy number Price effective from Koha item type Public note
        TBCHE Central Library and Information Centre Sibsagar Girls College Central Library and Information Centre Sibsagar Girls College CHEMISTRY BOOK RACK 05.02.1997 546 SAR 14395 27.02.2020 1 27.02.2020 Books V


Sibsagar Girl's College © 2020. All rights reserved.
Powered by Koha.
Maintained by Abhijit Borpuzari.